Hidden Link quiz - Statistics

General Stats
  • This quiz has been taken 23 times
  • The average score is 8 of 20
Answer Stats
Hint Answer % Correct
Prime minister of the Britain during most of WW2 Churchill
93%
The largest species of big cat Tiger
93%
Vector for the malaria parasite Mosquito
67%
Type of wild African pig Warthog
60%
A name for a ships prison Brig
53%
A young male horse (under four years old) Colt
53%
Leader of Britain during the Inter-regnum Cromwell
53%
The Iron Chancellor of Germany Bismarck
47%
Dog breed often known as a “poor man’s greyhound” Whippet
47%
Animated Tv show featuring the Viltrumite Omni-Man Invincible
40%
Tropical cyclone in the North-West Pacific Ocean Typhoon
40%
Name given to Feral horse in the West of America Mustang
33%
e+1= Zero
33%
A bird of prey of the genus circus with species such as (Marsh ____,Hen ____ and Northern ____) Harrier
27%
A name for a large Sherry glass bigger than a “clipper” in the Uk or a Beer glass smaller than a pint in Australia Schooner
27%
Time travelling companion of Mr Peabody Sherman
27%
Example of a large Scottish longsword Claymore
20%
Largest Desert in Isreal Negev
20%
Tropical seabird that has a bright red gular pouch Frigate
13%
In Warhammer 40K the name of a large heavily armoured walker that houses mortally wounded Space Marines Dreadnought
0%
No matching quizzes found
Score Distribution
Percent of People with Each Score
Percentile by Number Answered
Your Score History
You have not taken this quiz